书目信息 |
| 题名: |
生活小窍门1400例
|
|
| 作者: | 戴治平 , 葛莉萍 编 | |
| 分册: | ||
| 出版信息: | 北京 金盾出版社 1991.08 |
|
| 页数: | 206页 | |
| 开本: | 32开 | |
| 丛书名: | ||
| 单 册: | ||
| 中图分类: | TS976 | |
| 科图分类: | ||
| 主题词: | 家庭管理 | |
| 电子资源: | ||
| ISBN: | 7-80022-334-5 | |
| 000 | 00583nam0 2200205 45 | |
| 001 | 0010262003 | |
| 005 | 20001106154714.3 | |
| 010 | @a7-80022-334-5@d6.70元 | |
| 100 | @a20001026d1991 km y0chiy0120 ea | |
| 101 | 0 | @achi |
| 105 | @a z 000yy | |
| 200 | 1 | @a生活小窍门1400例@ASheng Huo Xiao Qiao Men 1400 Li@f戴治平,葛莉萍编@FDai Zhi Ping,Ge Li Ping Bian |
| 210 | @a北京@c金盾出版社@d1991.08 | |
| 215 | @a206页@d32开 | |
| 606 | 0 | @a家庭管理 |
| 690 | @aTS976@v3 | |
| 701 | 0 | @a戴治平@4编 |
| 701 | 0 | @a葛莉萍@4编 |
| 801 | @aCN@bPftUser@c20001026 | |
| 905 | @dTS976@eD671@b199377@f1 | |
| 生活小窍门1400例/戴治平,葛莉萍编.-北京:金盾出版社,1991.08 |
| 206页;32开 |
| ISBN 7-80022-334-5:6.70元 |
| ● |
| 相关链接 |
|
|
|
正题名:生活小窍门1400例
索取号:TS976/D671
 
预约/预借
| 序号 | 登录号 | 条形码 | 馆藏地/架位号 | 状态 | 备注 |
| 1 | 199377 | 201993771 | 自科库501/ [索取号:TS976/D671] | 在馆 |